Géographie - Vrai ou Faux - Statistiques

Statistiques générales
  • Ce quiz a été pris 258 fois
  • Le résultat moyen est 8 sur 15
Statistiques - réponses
Hint Réponse % Correct
Il existe des îles partagées par plusieurs pays Vrai
91%
Il y a 7 pays de terminaison -STAN Vrai
73%
Suez est le port d'Alexandrie Faux
67%
La Basse Californie est située au Mexique Vrai
64%
Malte est le seul pays insulaire d'Europe (Chypre étant en Asie) Faux
61%
L'Amazone se jette dans la mer à Rio de Janeiro Faux
59%
La Chine est frontalière à l'Afghanistan Vrai
59%
La capitale du Québec est Québec Vrai
55%
L'autre nom de l'île de Taïwan est Formose Vrai
55%
Singapour est une île Vrai
55%
Il y a 6 pays en Afrique ayant une capitale sur une île Faux
42%
La France est frontalière à 8 pays Faux
41%
L'inde et le Sri Lanka sont reliés par la route Vrai
39%
Il y a 12 pays membres de l'OPEP Faux
37%
La Russie et les États-Unis sont séparés par 100Km Faux
36%
Aucun quiz correspondant
Distribution des résultats
% des personnes avec chaque résultat
Percentile par nombre de réponses
Votre historique - résultats
Vous n’avez pas pris ce quiz